Estadísticas para El Chavo Del Ocho

Haz click aquí para tomar la prueba!

Estadísticas generales

  • Esta prueba ha sido tomada 87 veces
  • La puntuación promedio es 11 de 15

Estadísticas de respuestas

HintRespuesta% Correcto
Su hijo/traje de marineritoQuico
94%
Personaje principalEl Chavo del Ocho
93%
Vecino del 72Don Ramón
93%
Vecina del 14/Tubos en el peloDoña Florinda
88%
Maestro de escuelaProfesor Jirafales
88%
Su hijo/regordete simpáticoÑoño
87%
Dueño de la vecindadSeñor Barriga
83%
Hija de este/anteojosLa Chilindrina
81%
Niña simplonaLa Popis
80%
La Bruja del 71Doña Clotilde
72%
Niña lindaPaty
62%
Alumno flojo y despistadoGodinez
59%
BisabuelaDoña Nieves
45%
Su tíaGloria
36%
Niña listaElisabet
17%

Distribución de puntuación

Porcentaje por número respondido

Porcentaje de gente con cada puntuación

Historial de tus puntuaciones

No has tomado esta prueba